LEADER 01931nam 2200565 a 450 001 9910456670303321 005 20200520144314.0 010 $a1-61324-604-8 035 $a(CKB)2550000000044966 035 $a(EBL)3019698 035 $a(SSID)ssj0000643729 035 $a(PQKBManifestationID)12263612 035 $a(PQKBTitleCode)TC0000643729 035 $a(PQKBWorkID)10667960 035 $a(PQKB)10601907 035 $a(MiAaPQ)EBC3019698 035 $a(Au-PeEL)EBL3019698 035 $a(CaPaEBR)ebr10671263 035 $a(OCoLC)847197803 035 $a(EXLCZ)992550000000044966 100 $a20130323d2008 uy 0 101 0 $aeng 135 $aur|n|---||||| 181 $ctxt 182 $cc 183 $acr 200 00$aFederal strategic spectrum plan$b[electronic resource] $eharnessing and managing the nation's wireless spectrum /$fYi Chan, editor 210 $aNew York $cNova Science Publishers, Inc.$d2008 215 $a1 online resource (260 p.) 225 1 $aAdvances in communication and media research series 300 $aDescription based upon print version of record. 311 $a1-60692-799-X 320 $aIncludes bibliographical references and index. 410 0$aAdvances in communication and media research series. 606 $aWireless communication systems$zUnited States$xManagement 606 $aMobile communication systems$zUnited States 606 $aRadio frequency allocation$xGovernment policy$zUnited States 608 $aElectronic books. 615 0$aWireless communication systems$xManagement. 615 0$aMobile communication systems 615 0$aRadio frequency allocation$xGovernment policy 676 $a0 701 $aChan$b Yi$0900250 801 0$bMiAaPQ 801 1$bMiAaPQ 801 2$bMiAaPQ 906 $aBOOK 912 $a9910456670303321 996 $aFederal strategic spectrum plan$92011203 997 $aUNINA LEADER 03830nam 2200709 450 001 9910824237103321 005 20230803220636.0 010 $a1-61451-430-5 024 7 $a10.1515/9781614514305 035 $a(CKB)2550000001169834 035 $a(EBL)1209345 035 $a(SSID)ssj0001061416 035 $a(PQKBManifestationID)11695246 035 $a(PQKBTitleCode)TC0001061416 035 $a(PQKBWorkID)11098574 035 $a(PQKB)10461898 035 $a(MiAaPQ)EBC1209345 035 $a(DE-B1597)213281 035 $a(OCoLC)868394178 035 $a(OCoLC)948655742 035 $a(DE-B1597)9781614514305 035 $a(Au-PeEL)EBL1209345 035 $a(CaPaEBR)ebr10819952 035 $a(CaONFJC)MIL551819 035 $a(OCoLC)865329832 035 $a(EXLCZ)992550000001169834 100 $a20130829h20142014 uy| 0 101 0 $aeng 135 $aur|n|---||||| 181 $ctxt 182 $cc 183 $acr 200 00$aNew perspectives on lexical borrowing $eonomasiological, methodological and phraseological innovations /$fedited by Eline Zenner and Gitte Kristiansen 210 1$aBoston ;$aBerlin :$cDe Gruyter Mouton,$d[2014] 210 4$d©2014 215 $a1 online resource (258 p.) 225 1 $aLanguage contact and bilingualism,$x2190-698X ;$vvolume 7 300 $aDescription based upon print version of record. 311 $a1-61451-591-3 311 $a1-306-20568-9 320 $aIncludes bibliographical references and index. 327 $aIntroduction: Onomasiological, methodological and phraseological perspectives on lexical borrowing / Eline Zenner and Gitte Kristiansen -- A usage-based approach to borrowability / Ad Backus -- What makes a catchphrase catchy? : possible determinants in the borrowability of English catchphrases in Dutch / Eline Zenner, Dirk Speelman and Dirk Geeraerts -- Formal variance and semantic changes in borrowing : integrating semasiology and onomasiology / Esme Winter-Froemel -- Measuring and comparing the use and success of loanwords in Portugal and Brazil : a corpus-based and concept-based sociolectometrical approach / Augusto Soares da Silva -- Comparing the usage of Maori loans in spoken and written New Zealand English : a case study of Maori, Pakeha, and Kiwi / Alexander Onysko and Andreea Calude -- English loanwords and their counterparts in Dutch job advertisements : an experimental study in association overlap / Frank van Meurs, Jos Hornikx and Gerben Bossenbroek -- On the variation of gender in nominal language mixings / Astrid Rothe -- Linguistic globalisation : experiences from the Nordic laboratory / Helge Sandøy. 330 $aThis volume aims to broaden the focus of existing loanword research, which has mainly been conducted from a systemic and structuralist perspective. The eight studies in this volume introduce onomasiological, phraseological, and methodological innovations to the study of lexical borrowing. These new perspectives significantly enhance our understanding of lexical borrowing and provide new insights into contact-induced variation and change. 410 0$aLanguage contact and bilingualism ;$v7. 606 $aLanguage and languages$xForeign words and phrases 606 $aLanguage and culture$xGlobalization 610 $aLexical Borrowing. 610 $aOnomasiology. 610 $aPhraseology. 615 0$aLanguage and languages$xForeign words and phrases. 615 0$aLanguage and culture$xGlobalization. 676 $a417/.7 686 $aES 570$2rvk 701 $aZenner$b Eline$01654274 701 $aKristiansen$b Gitte$01172761 801 0$bMiAaPQ 801 1$bMiAaPQ 801 2$bMiAaPQ 906 $aBOOK 912 $a9910824237103321 996 $aNew perspectives on lexical borrowing$94006002 997 $aUNINA LEADER 03176nas 2200937-a 450 001 9910726486003321 005 20231112213019.0 011 $a0973-0656 035 $a(DE-599)ZDB2180444-8 035 $a(OCoLC)60626801 035 $a(CKB)110985822458826 035 $a(CONSER)--2007214801 035 $a(EXLCZ)99110985822458826 100 $a20050614a19979999 s-- a 101 0 $aeng 135 $aurun||||||||| 181 $ctxt$2rdacontent 182 $cc$2rdamedia 183 $acr$2rdacarrier 200 10$aGender, technology and development 210 $aNew Delhi $cSage 210 3 $a[Abingdon] $cInforma UK Limited, trading as Taylor & Francis Group 215 $a1 online resource 300 $aRefereed/Peer-reviewed 311 $a0971-8524 531 $aGEND TECHNOL DEV 531 $aGENDER, TECHNOLOGY & DEVELOPMENT 606 $aWomen$xEmployment$xEffect of technological innovations on$vPeriodicals 606 $aTechnological innovations$xSocial aspects$vPeriodicals 606 $aFemmes$xTravail$xEffets des innovations sur$vPériodiques 606 $aInnovations$xAspect social$vPériodiques 606 $aTechnological innovations$xSocial aspects$2fast 606 $aWomen$xEmployment$xEffect of technological innovations on$2fast 606 $aTechnik$2gnd 606 $aGleichberechtigung$2gnd 606 $aZeitschrift$2gnd 606 $aFrau$2gnd 606 $aVrouwen$2gtt 606 $aOntwikkelingsproblematiek$2gtt 606 $aTechnologie$2gtt 606 $aFemme$2rasuqam 606 $aGenre$2rasuqam 606 $aInnovation technologique$2rasuqam 606 $aTechnologie$2rasuqam 606 $aFemme au travail$2rasuqam 606 $aÉgalité (Sociologie)$2rasuqam 606 $aRelation homme-femme$2rasuqam 607 $aPays en développement$2rasuqam 608 $aperiodicals.$2aat 608 $aPeriodicals$2fast 608 $aPeriodicals.$2lcgft 608 $aRessource Internet (Descripteur de forme)$2rasuqam 608 $aPériodique électronique (Descripteur de forme)$2rasuqam 608 $aPériodiques.$2rvmgf 610 $aLabor & Workers' Economics 615 0$aWomen$xEmployment$xEffect of technological innovations on 615 0$aTechnological innovations$xSocial aspects 615 6$aFemmes$xTravail$xEffets des innovations sur 615 6$aInnovations$xAspect social 615 7$aTechnological innovations$xSocial aspects 615 7$aWomen$xEmployment$xEffect of technological innovations on 615 7$aTechnik 615 7$aGleichberechtigung 615 7$aZeitschrift 615 7$aFrau 615 17$aVrouwen. 615 17$aOntwikkelingsproblematiek. 615 17$aTechnologie. 615 7$aFemme. 615 7$aGenre. 615 7$aInnovation technologique. 615 7$aTechnologie. 615 7$aFemme au travail. 615 7$aÉgalité (Sociologie) 615 7$aRelation homme-femme. 676 $a305.42095405 712 02$aAsian Institute of Technology, 906 $aJOURNAL 912 $a9910726486003321 996 $aGender, technology and development$93378877 997 $aUNINA